Winckelmann: la naissance de l'histoire de l'art á l'époque des Lumières (Record no. 106604)

MARC details
000 -LEADER
campo de control de longitud fija 00832nam a2200205 i 4500
001 - NÚMERO DE CONTROL
campo de control 106604
003 - IDENTIFICADOR DE NÚMERO DE CONTROL
campo de control ES-MaACL
005 - FECHA Y HORA DE LA ÚLTIMA TRANSACCIÓN
campo de control 20230906184220.0
007 - CAMPO FIJO DE DESCRIPCIÓN FÍSICA--INFORMACIÓN GENERAL
campo de control de longitud fija t|
008 - DATOS DE LONGITUD FIJA--INFORMACIÓN GENERAL
campo de control de longitud fija 061205s1991 fr ||||1| fre d
020 ## - NÚMERO INTERNACIONAL ESTÁNDAR DEL LIBRO
Número Internacional Estándar del Libro 2-11-002486-0
080 ## - NÚMERO DE LA CLASIFICACIÓN DECIMAL UNIVERSAL
Número de la Clasificación Decimal Universal 7.072 Winckelmann, Johann Joachim
245 00 - MENCIÓN DEL TÍTULO
Título Winckelmann: la naissance de l'histoire de l'art á l'époque des Lumières
Resto del título : Actes du cycle de conférences prononcées á l'Auditorium du Louvre du 11 décembre 1989 au 12 février 1990 /
Mención de responsabilidad, etc. sous la direction scientifique d'Edouard Pommier.
260 ## - PUBLICACIÓN, DISTRIBUCIÓN, ETC.
Lugar de publicación, distribución, etc. Paris :
Nombre del editor, distribuidor, etc. La Documentation Française,
Fecha de publicación, distribución, etc. [1991]
300 ## - DESCRIPCIÓN FÍSICA
Extensión 239 p. :
Otras características físicas il. ;
Dimensiones 24 cm.
500 ## - NOTA GENERAL
Nota general Biblioteca Jacinto Martínez Lacalle.
600 14 - PUNTO DE ACCESO ADICIONAL DE MATERIA--NOMBRE DE PERSONA
Nombre de persona Winckelmann, Johann Joachim.
9 (RLIN) 117058
700 1# - ENTRADA AGREGADA--NOMBRE PERSONAL
Nombre de persona Pommier, Edouard.
9 (RLIN) 92928
852 ## - LOCALIZACIÓN
Ubicación ES-MaACL
Número de control de estantería E-11421
Sublocalización o colección R.139140
Holdings
Estatus retirado Estado de pérdida Estado de daño No para préstamo Biblioteca de origen Biblioteca actual Ubicación en estantería Fecha de adquisición Fuente de adquisición Total de préstamos Signatura topográfica completa Código de barras Visto por última vez Precio de reemplazo Tipo de ítem Koha
        Biblioteca del Ateneo de Madrid Biblioteca del Ateneo de Madrid Depósito 2 17/01/2008     E-11421 1111276 23/02/2023 23/02/2023 Libro impreso